| 000 | 00000nam 2200000zi 4500 |
| 001 | 9.804878 |
| 003 | CaOODSP |
| 005 | 20250115104527 |
| 006 | m go d f |
| 007 | cr ||||||||||| |
| 008 | 151023t20182015onca||| o f001 0 eng d |
| 020 | |a9780660036342|qPDF|z0-660-03633-5 |
| 040 | |aCaOODSP|beng|erda|cCaOODSP |
| 043 | |an-cn--- |
| 086 | 1 |aNR24-28/2015E-PDF |
| 245 | 00|aNational building code of Canada 2015. |
| 250 | |aFourteenth edition. |
| 264 | 1|aOttawa : |bNational Research Council of Canada, |c2018. |
| 264 | 4|c©2015 |
| 300 | |a1 online resource (1 volume (various pagings)) : |billustrations |
| 336 | |atext|btxt|2rdacontent |
| 337 | |acomputer|bc|2rdamedia |
| 338 | |aonline resource|bcr|2rdacarrier |
| 500 | |aIssued also in French under title: Code national du bâtiment – Canada 2015. |
| 500 | |aCover title. |
| 500 | |a"Second printing, includes Revisions and Errata released on September 28, 2018." |
| 692 | 07|2gccst|aConstruction industry |
| 692 | 07|2gccst|aStandards |
| 710 | 2 |aInstitute for Research in Construction (Canada) |
| 775 | 08|tCode national du bâtiment - Canada 2015.|w(CaOODSP)9.804880 |
| 776 | 0#|tNational building code of Canada 2015 |w(CaOODSP)9.804877 |
| 794 | |tNational Building Code of Canada 2020 / |w(CaOODSP)9.897526 |
| 795 | |tNational Building Code of Canada 2010 / |w(CaOODSP)9.946899 |
| 856 | 40|qPDF|s22.17 MB|uhttps://publications.gc.ca/collections/collection_2019/cnrc-nrc/NR24-28-2018-eng.pdf |